| 000 | 00000nam##2200000za#4500 |
| 001 | 9.566407 |
| 003 | CaOODSP |
| 005 | 20210624180256 |
| 007 | cr ||||||||||| |
| 008 | 150406|2005||||xxc|||||o f|0| 0 eng|d |
| 040 | |aCaOODSP|beng |
| 043 | |an-cn--- |
| 086 | 1 |aTU3-5/05-5E-PDF |
| 110 | 2 |aTransportation Safety Board of Canada. |
| 245 | 10|aControl difficulty due to airframe icing - Northern Thunderbird Air Inc. Beechcraft King Air 200 C-FCGL, Kelowna, British Columbia, 80 nm NE, 19 January 2005 |h[electronic resource] |
| 260 | |aGatineau - Quebec : |bTransportation Safety Board of Canada |c[2005]. |
| 300 | |a4p.|breferences |
| 490 | 1 |aAviation investigation report |vA05P0018 |
| 590 | |a10-05-Supp|b2010-07-20 |
| 690 | 07|aAircraft accidents|2gcpds |
| 775 | 08|tMaîtrise difficile en vol en raison du givrage de la cellule du Beechcraft King Air 200 C-FCGL exploité par Northern Thunderbird Air Inc. à 80 nm au nord-est de Kelowna (Colombie-Britannique), le 19 janvier 2005 |w(CaOODSP)9.597902 |
| 830 | #0|aAviation investigation report ;|vA05P0018|w(CaOODSP)9.504825 |
| 856 | 40|ahttp://publications.gc.ca|qPDF|s82 KB|uhttps://publications.gc.ca/collections/collection_2009/bst-tsb/TU3-5-05-5E.pdf|yA05P0018 |